00000000nas 2200000zi 4500
0019.878009
003CaOODSP
00520240412142653
006m    go  d f      
007cr |||||||||||
008190815c20109999onc x m o    f0###|0fre|d
040 |aCaOODSP|bfre|erda|cCaOODSP
043 |an-cn---
0861 |aD68-4F-PDF
1300 |aRapport technique (R et D pour la défense Canada)
24510|aRapport technique / |cR et D pour la défense Canada.
264 1|a[Ottawa] : |bDefence Research and Development Canada = Recherche et développement pour la défense Canada, |c2010?-
310 |aIrreguliér
336 |atexte|btxt|2rdacontent/fre
337 |ainformatique|bc|2rdamedia/fre
338 |aressource en ligne|bcr|2rdacarrier/fre
500 |aPublié aussi en anglais sous le titre : Technical report.
650 6|aRecherche militaire|zCanada.
7101 |aCanada. |bR et D pour la défense Canada, |eorganisme de publication.
77508|tTechnical report / |w(CaOODSP)9.820558